000
00272nam a22001217a 4500
008
170922b xxu||||| |||| 00| 0 eng d
041
_a
eng
080
_a
78
100
_a
45
101
_a
MUZ
245
_a
THE INTERNATIONAL LIBRARY MUSUC
_c
PAD.I.J
942
_2
udc
_c
BK
999
_c
28931
_d
28931